Management in banking. (2nd ed.) (Record no. 82435)

MARC details
000 -LEADER
fixed length control field 01048nam a2200205 a 4500
008 - FIXED-LENGTH DATA ELEMENTS--GENERAL INFORMATION
fixed length control field 120416s1992 ||||||||||||||||| || u
020 ## - INTERNATIONAL STANDARD BOOK NUMBER
International Standard Book Number 0273039679
050 ## - LIBRARY OF CONGRESS CALL NUMBER
Classification number HG 1615.5 Cou
100 ## - MAIN ENTRY--PERSONAL NAME
Personal name Coult, Helen
245 10 - TITLE STATEMENT
Title Management in banking. (2nd ed.)
250 ## - EDITION STATEMENT
Edition statement 2nd ed.
260 ## - PUBLICATION, DISTRIBUTION, ETC.
Place of publication, distribution, etc. London:
Name of publisher, distributor, etc. Pitman
Date of publication, distribution, etc. 1992
300 ## - PHYSICAL DESCRIPTION
Extent ix, 243p. : ill.
350 ## -
-- 0.00
650 ## - SUBJECT ADDED ENTRY--TOPICAL TERM
Topical term or geographic name entry element BANK MANAGEMENT
995 ## -
-- ANNEX COLLECTION (Main Library)
-- 0.00
-- 727175
-- CBU-MAIN LIBRARY (Kitwe)
-- 4
-- 21.99
-- HG 1615.5 Cou
-- 3
-- AVAILABLE
-- 000019
-- Annex Low-Usage Collection
995 ## -
-- MAIN LIBRARY OPEN ACCESS
-- 0.00
-- 727177
-- CBU-MAIN LIBRARY (Kitwe)
-- 3
-- 21.99
-- HG 1615.5 Cou
-- 1
-- AVAILABLE
-- 000016
-- Main Library Open Access Collection
995 ## -
-- MAIN LIBRARY OPEN ACCESS
-- 0.00
-- 727176
-- CBU-MAIN LIBRARY (Kitwe)
-- 1
-- 21.99
-- HG 1615.5 Cou
-- 2
-- AVAILABLE
-- 000017
-- Main Library Open Access Collection
995 ## -
-- ANNEX COLLECTION (Main Library)
-- 0.00
-- 727178
-- CBU-MAIN LIBRARY (Kitwe)
-- 2
-- 21.99
-- HG 1615.5 Cou
-- 4
-- AVAILABLE
-- 000053
-- Annex Low-Usage Collection
999 ## -
-- 82435
-- 82435
Holdings
Withdrawn status Lost status Source of classification or shelving scheme Damaged status Not for loan Permanent Location Current Location Shelving location Date acquired Total Checkouts Full call number Barcode Date last seen Copy number Price effective from Koha item type
          CBU-MAIN LIBRARY, KITWE. CBU-MAIN LIBRARY, KITWE.   09/27/2023   HG 1615.5 Cou 000019 09/27/2023 1 09/27/2023 MONOGRAPH
          CBU-MAIN LIBRARY, KITWE. CBU-MAIN LIBRARY, KITWE.   09/27/2023   HG 1615.5 Cou 000016 09/27/2023 2 09/27/2023 MONOGRAPH
          CBU-MAIN LIBRARY, KITWE. CBU-MAIN LIBRARY, KITWE.   09/27/2023   HG 1615.5 Cou 000017 09/27/2023 3 09/27/2023 MONOGRAPH
          CBU-MAIN LIBRARY, KITWE. CBU-MAIN LIBRARY, KITWE.   09/27/2023   HG 1615.5 Cou 000053 09/27/2023 4 09/27/2023 MONOGRAPH